| 000 | 00000nam##2200000za#4500 |
| 001 | 9.571761 |
| 003 | CaOODSP |
| 005 | 20210624182903 |
| 007 | cr ||||||||||| |
| 008 | 150406|2001||||xxc|||||o f|0| 0 eng|d |
| 040 | |aCaOODSP|beng |
| 043 | |an-cn--- |
| 086 | 1 |aNH18-23/82E-PDF |
| 110 | 2 |aCanada Mortgage and Housing Corporation. |
| 245 | 10|aEcoPerth - a small rural community takes action on climate change |h[electronic resource] |
| 260 | |aOttawa - Ontario : |bCanada Mortgage and Housing Corporation |cJune 2001. |
| 300 | |a6p.|bfigs. (some coloured), graph, table |
| 490 | 1 |aResearch highlight. Socio-economic series |v82 |
| 590 | |a11-23-Supp|b2011-10-17 |
| 690 | 07|aClimate change|2gcpds |
| 690 | 07|aRural communities|2gcpds |
| 775 | 08|tEcoPerth : une petite collectivité rurale réagit contre le changement climatique |w(CaOODSP)9.602187 |
| 776 | 0#|tEcoperth: a small rural community takes action on climate change |w(CaOODSP)9.615782 |
| 830 | #0|aResearch highlight. Socio-economic series ;|v82|w(CaOODSP)9.505168 |
| 856 | 40|ahttp://publications.gc.ca|qPDF|s608 KB|uhttps://publications.gc.ca/collections/Collection/NH18-23-82E.pdf|y82 |